Caricamento...
Human zoo
| Autore principale: | |
|---|---|
| Natura: | Printed Book |
| Pubblicazione: |
Corgi Books, Britain
1969
|
| Soggetti: |
| LEADER | 00472nam a2200193 4500 | ||
|---|---|---|---|
| 020 | |||
| 082 | |a 599.9 MOR-H | ||
| 100 | |a Morris, Desmond | ||
| 245 | |a Human zoo | ||
| 250 | |||
| 260 | |a Corgi Books, Britain |c 1969 | ||
| 300 | |||
| 490 | |||
| 500 | |||
| 590 | |a VIN | ||
| 650 | |a Hominidae-- Homo sapiens-- Man | ||
| 942 | |c BK | ||
| 999 | |c 89103 |d 89103 | ||
| 952 | |0 0 |1 0 |4 0 |6 599_900000000000000_MORH |7 0 |9 102571 |a ZGY |b ZGY |l 0 |o 599.9 MOR-H |p ZGY01639 |r 2019-09-25 |w 2019-09-25 |y BK | ||